Statistics for NHL Stanley Cup and President's Trophy Winners

Click here to take the quiz!

General Stats

  • This quiz has been taken 156 times
  • The average score is 7 of 8

Answer Stats

YearTeam% Correct
1986-87Edmonton Oilers
93%
2012-13Chicago Blackhawks
90%
1993-94New York Rangers
88%
2007-08Detroit Red Wings
85%
2001-02Detroit Red Wings
84%
1988-89Calgary Flames
83%
1998-99Dallas Stars
83%
2000-01Colorado Avalanche
82%

Score Distribution

Percentile by Number Answered

Percent of People with Each Score

Your Score History

You have not taken this quiz